02005 a2200229 4500003000500000005001700005010001700022020002200039040000900061082001000070100002000080245005800100260003900158300003300197505138000230650003901610650003601649650002601685650002701711650002601738651001101764Nust20170207154021.0 a 2002156230 a1931777446 (pbk.) cNust00a005.11 aFavre, Liliana.10aUML and the unified process (E-BOOK)cLiliana Favre. aHershey, Pa. :bIRM Press,cc2003. axi, 402 p. :bill. ;c26 cm. aChapter I. Evaluating UML Using a Generic Quality Framework 1 Chapter II. A Generic Framework for Defining Domain-Specific Models 23 Chapter III. On the Application of UML to Designing On-line Business Model. 39 Chapter IV. Specification of Business Components Using Temporal OCL 48 Chapter V. Negotiating Early Reuse of Components – A Model-Based Analysis 66 Chapter VI. Enhancing RUP Business Model with Client-Oriented Requirements Models 80 Chapter VII. Introducing Non-functional Requirements in UML 116 Chapter VIII. Formalizing UML Class Diagrams . 129 Chapter IX. Forward Engineering and UML: From UML Static Models to Eiffel Code. 199 Chapter X. Transforming UML Class Diagrams into Relational Data Models 217 Chapter XI. Specification and Checking of Dependency Relations between UML Models 237 Chapter XII. Info-Mathics – The Mathematical Modeling of Information Systems 254 Chapter XIII. Use of UML Stereotypes in Business Models 262 Chapter XIV. Extension to UML Using Stereotypes 273 Chapter XV. An Extension to a UML Activity Graph from Workflow 294 Chapter XVI. Business Processes in UML 315 Chapter XVII. The CORAS Methodology: Model-based Risk Assessment Using UMLandUP 332 Chapter XVIII. Towards a UML Profile for Building on Top of Running Software 358 Chapter XIX. A RUP-Based Software Process Supporting Progressive Implementation 375 0aApplication softwarexDevelopment. 0aComputer softwarexDevelopment. 0aSoftware engineering. 0aUML (Computer science) 0aWeb site development. aE-BOOK